00390nam a2200133 a 450000500170000000800410001702000180005805000270007610000200010324500450012326000390016830000160020765000330022320140412111236.0010424s19uu xx 00 eng d a0-590-35612-7 aTR(GS 372.4bW158 1990 aWalling, Elaine aCritical reading F /cby Elaine Walling. aNew York :bScholastic Inc,c1990. a32p. ; ill. aReading - Study and teaching